| 000 | 00601nam a2200229Ia 4500 | ||
|---|---|---|---|
| 003 | OSt | ||
| 005 | 20220928102159.0 | ||
| 006 | a|||||r|||| 00| 0 | ||
| 007 | ta | ||
| 008 | 220927b |||||||| |||| 00| 0 eng d | ||
| 024 | _a54676 | ||
| 037 | _cTextual | ||
| 040 |
_aSDCL _cSDCL _beng |
||
| 041 |
_2eng _aeng |
||
| 082 | _aR3, L6 | ||
| 100 |
_aVerma Samarendra Kumar _9397004 |
||
| 245 | 0 | _aNature of Metaphysics . | |
| 260 |
_aIndia _bBharata - Bharatai Oriental _c1976 |
||
| 300 |
_a145p. _ccm. |
||
| 942 |
_hR3, L6 _cTEXL _2CC |
||
| 999 |
_c712771 _d712771 |
||